[Event "Calgary op 8th"]
[Site "Calgary"]
[Date "2015.08.02"]
[Round "7"]
[White "Lenderman, Aleksandr"]
[Black "Roiz, Michael"]
[Result "1/2-1/2"]
[WhiteElo "2634"]
[BlackElo "2595"]
[Annotator "Roiz,M"]
[PlyCount "200"]
[EventDate "2015.07.29"]
[EventType "swiss"]
[EventRounds "9"]
[EventCountry "CAN"]
[SourceTitle "CBM 168"]
[Source "ChessBase"]
[SourceDate "2015.09.14"]
[SourceVersion "1"]
[SourceVersionDate "2015.09.14"]
[SourceQuality "1"]

{This game was of exceptional value for the tournament situation. Alexander
Lenderman was leading by a full point, so a draw would definitely suit him and
practically secure the 1st place.} 1. d4 Nf6 2. c4 g6 3. Nc3 d5 {As was
pointed out by Alex, my opening choice came as a real surprise.} 4. Bf4 {
One of White's most safe systems.} Bg7 5. e3 c5 6. dxc5 Qa5 7. Rc1 dxc4 8. Bxc4
O-O 9. Nf3 ({Another common line here starts with} 9. Nge2 Qxc5 10. Qb3 Nc6 11.
Nb5 Qh5 12. Ng3 Qh4 13. Nc7 {and leads to very sharp play.}) 9... Qxc5 10. Bb3
Qa5 {Definitely the best spot for a queen.} (10... Qh5 11. Ne5 Nc6 12. Nxc6
bxc6 13. Qxh5 Nxh5 14. Bg5 $14 {offers White a safe pull in the subsequent
endgame.}) 11. O-O Nc6 12. h3 {Securing the placing of White's dark-squared
bishop.} Bf5 13. Bc4 {That original move was seen only once before. The main
idea behind that is to put the queen on b3.} ({The main line} 13. Qe2 Ne4 {
is well-explored since the Karpov-Kasparov matches.}) 13... Rad8 {Definitely
the best response. It's important to keep the Pf7 protected.} (13... Qb4 $6 {
is dubious:} 14. Qe2 Na5 $140 15. Bb5 a6 16. a3 Qc5 17. b4 Qa7 18. Ba4 $16) (
13... Rac8 {seems insufficient for equality:} 14. a3 $1 Nh5 15. Bh2 $14) 14.
Qb3 Qb4 (14... Qc5 15. Nb5 Qb4 16. Nbd4 Qxb3 17. Bxb3 Nxd4 18. Nxd4 Be4) 15. a3
$6 {An unsuccessful innovation.} ({In the preceding game White was able to
secure some edge:} 15. Rcd1 Qxb3 16. Bxb3 Rxd1 17. Rxd1 Rd8 $6 ({A more
accurate way was:} 17... Na5 18. Nd4 Nxb3 19. Nxf5 gxf5 20. axb3 Rc8 $11) 18.
Rxd8+ Nxd8 19. Bc7 Ne6 20. Bb8 Nc5 21. Bxa7 Nxb3 22. axb3 $14 {1-0 Dzagnidze,N
(2556)-Lagno,K (2542)/Warsaw 2013}) 15... Qxb3 16. Bxb3 Ne4 {As a result of
White's inaccuracy, the pressure along the a1-h8 diagonal is getting
unpleasant, so White must be very careful.} 17. Na4 h6 $1 {After long
meditation, I managed to find a way to keep up the pressure on the board.} ({
White's task is not too difficult in the event of} 17... Na5 18. Ba2 (18. Bc2
b5 19. Bc7 bxa4 20. Bxa5 Rd5 21. Bxe4 Bxe4 22. Bc3 $11) 18... b5 19. Bc7 bxa4
20. Bxa5 Rb8 21. g4 Be6 22. Bxe6 fxe6 23. Nd2 Nxd2 24. Bxd2 Bxb2 25. Rc4 $11)
18. Rfd1 ({An attempt to chase away the bishop by means of} 18. g4 {now can be
stongly met by} g5 $1 19. Bc7 (19. gxf5 gxf4 20. exf4 Nd4 21. Nxd4 Rxd4 22.
Rfe1 Nd2 23. Bd1 Rxf4 $15) 19... Rd7 20. gxf5 (20. Bh2 Bg6 $15) 20... Rxc7 21.
Bd5 Nd6 22. Bxc6 bxc6 $15 {and the Pf5 falls.}) ({Black's position is
preferable also after} 18. Bc2 g5 19. Bh2 Bg6 20. b4 Rd5 21. Rfd1 Rfd8 $15)
18... g5 {It definitely makes sense to seize more space and finally secure the
placing of the Bf5.} 19. Bh2 b5 $6 {That aggressive move was based on a wrong
calculation.} ({Instead, I had to choose between} 19... Na5 $5 20. Bc2 (20. Ba2
b5 21. Bc7 Rxd1+ 22. Rxd1 Nb7 $17) 20... Rxd1+ 21. Bxd1 b5 $15) ({and} 19...
Rxd1+ 20. Bxd1 Rd8 21. Be2 h5 $15 {In both cases White's position looks rather
unpleasant.}) 20. Nc3 $6 {Returning the favour.} ({White could have solved all
the problems now:} 20. Rxc6 bxa4 21. Rxd8 $1 ({We both were only considering} 
21. Bxa4 Bd7 22. Rc4 Bxa4 23. Re1 $1 Bd7 24. Rxe4 Bxb2 25. Rxe7 Bxa3 26. Re5
Bb4 $15) 21... Rxd8 22. Bc2 Bxb2 23. g4 Bh7 24. Rc4 $11) 20... Nxc3 21. bxc3
Na5 {Black's pawn structure is clearly better. The knight is heading to c4,
freeing for the rook along the c-file.} ({Also deserved serious attention was} 
21... Rxd1+ $5 22. Rxd1 Na5 23. Ba2 (23. Bd5 e6 24. Bc7 Bxc3 $15) 23... Rc8 24.
Be5 a6 (24... Bxe5 25. Nxe5 Rxc3 26. Bxf7+ Kg7 $15) 25. Bxg7 Kxg7 26. Nd4 Bg6
27. Ne2 Kf6 $15) 22. Bd5 Nc4 ({Rejecting} 22... e6 {in view of:} 23. Bc7 Rxd5
24. Rxd5 exd5 25. Bxa5 Rc8 26. Bb4 $11 {and White is very solid.}) 23. e4 (23.
Bxc4 bxc4 24. Be5 Rd3 25. Bxg7 Kxg7 26. g4 Rfd8 27. Rxd3 Bxd3 $15) 23... Bg6 (
23... Bh7 $5 24. Nd4 Nb2 25. Rd2 Na4 $15) 24. Nd4 e6 $6 {A dubious move, which
allows White to consolidate the position.} ({For some reasons, the strongest} 
24... Nb2 $1 {was missed by both both players} 25. Rd2 Na4 26. Bc7 Rd7 27. Ba5
Rc8 $15) 25. Bxc4 bxc4 26. f3 {As a result, both Black's bishops are
temporarily out of play.} Rd7 27. Kf2 {Understimating the potential of Black's
bishops.} ({I had mostly expected} 27. Nc6 Rxd1+ 28. Rxd1 Bxc3 29. Rc1 Bb2 30.
Rxc4 Bxa3 31. Nxa7 $11 {with a dead draw.}) 27... Rfd8 28. Ke2 $6 {That
natural move was played rapidly, but it is a serious inaccuracy.} (28. Re1 $142
Kh7 29. Re2 $11) 28... f5 $1 {Of course, I was happy to open up the position.
Now White is under pressure again.} 29. Nxe6 ({Possibly, White could have set
up a fortress by means of} 29. Nc6 Rxd1 30. Rxd1 Rxd1 31. Kxd1 fxe4 32. Ne7+ $1
(32. Ne5 exf3 33. Nxg6 fxg2 34. Ne7+ Kf7 35. Nc6 Bxc3 36. Nxa7 Bd4 $17) 32...
Kf7 33. Nxg6 Kxg6 34. fxe4 Bxc3 35. Bg1 a6 36. Kc2 Bf6 37. g4 {, but there is
no 100% guarantee, so Lenderman's choice looks logical.}) 29... Rxd1 30. Rxd1
Rxd1 31. Kxd1 Bxc3 32. exf5 ({A bit more accurate was} 32. Nc5 $142 Bd4 33.
exf5 Bxf5 34. Ne4 {and White should be able to hold.}) 32... Bxf5 33. Nc5 Bb2
34. a4 Bd4 {I was quite optimistic at this moment, but White's position seems
still very solid.} (34... Bb1 $5 35. Ke2 Bd4 36. Ne6 Bd3+ 37. Kd2 Bb2 $15) 35.
Ne4 {As usual, the centralised knight is a perfect defender.} ({It looks like} 
35. Bd6 $5 {was safe enough:} Kf7 36. a5 {and it would be very difficult to
make any progress.}) 35... Bd7 36. a5 c3 37. Bd6 {Alas, White is just in time
to stop the pawn.} Ba4+ 38. Ke2 Bb5+ 39. Kd1 $2 {Only this mistake puts White
in a real danger.} ({There was no reason for rejecting} 39. Ke1 $142 Bd3 40.
Nc5 Bc4 41. Ne4 Kf7 42. Bb4 c2 43. Kd2 Bd3 44. Ba3) 39... Bf1 40. g4 $1 Bxh3 {
Now Black is a pawn up, but the light-squared bishop remains out of play for a
while.} ({It looks like White should be able to survive after} 40... Kf7 41.
Kc2 Bg2 42. Kd3 Bg1 43. Nxc3 Bxf3 44. Ne2 Bf2 45. Ng3 Bg2 46. Ke2 $11) 41. Kc2
Bg2 42. Kd3 Bg1 $2 {I can hardly explain why I made such a weird move. Now
White's task is getting much easier.} ({Much more natural and strong was} 42...
Bg7 43. Ke2 (43. Nxc3 $2 {is hopeless:} Bxf3 44. Nb5 a6 45. Nc7 Bb7 46. Ne6 Bf6
47. Bg3 Bc8 48. Nc5 Kg7 $19) 43... c2 ({Also good enough is :} 43... a6 $5 44.
Ba3 Kf7 45. Nd6+ Kg6 {with excellent wininng chances. For instance,} 46. Nf5
Be5 47. Ne3 Bh3 48. Bb4 h5 49. gxh5+ Kxh5 50. Nc4 Bf6 51. Ne3 Be6 52. Kd3 Kh4
53. Bxc3 Bxc3 54. Kxc3 Kg3 $17) 44. Ba3 Be5 45. Kf2 Bh3 46. Ke2 a6 ({Only not} 
46... Bf4 $2 47. Nf2 $1 Bg2 48. Nd3 Bg3 49. Nb4 $11) 47. Bc1 Bc7 48. Nc5 Kf7
49. Nb3 Kg6 $17 {sooner or later the Pa5 will fall.}) 43. Ke2 c2 44. Ba3 Bd4 {
Nominally admitting the mistake.} ({Black achieves nothing after} 44... Bh2 45.
Kf2 Bh3 (45... Bxf3 46. Kxf3 Bf4 47. a6 c1=Q 48. Bxc1 Bxc1 49. Nd6 $11) 46. Ke2
$11) 45. Kd3 Be5 46. Nd2 {Liquidating the Pc2 is a clear achievement.} a6 ({
Avoiding a dead draw:} 46... Bf4 47. a6 Bxd2 48. Kxd2 Bxf3 49. Kxc2 Bxg4 50.
Bc5 $11) 47. Kxc2 Bf4 48. Kd3 Bxd2 49. Kxd2 Bxf3 50. Ke3 Bxg4 51. Kf2 {
Unfortunately, the resulting endgame doesn't leaves Black any real winning
chances.} Kf7 52. Bc1 Bd7 53. Kg3 Ke6 54. Bd2 Kf5 55. Be3 h5 56. Bd2 h4+ 57.
Kh2 g4 58. Be1 g3+ 59. Bxg3 hxg3+ 60. Kxg3 $11 {All White has to do is to
reach the corner at the right moment!} Ke4 61. Kf2 Bg4 62. Ke1 Kd3 63. Kf2 Bh5
64. Kf1 Kd2 65. Kf2 Be2 66. Kg1 Ke3 67. Kg2 Bd3 68. Kg1 Kf3 69. Kh2 Kf2 70. Kh1
Be4+ 71. Kh2 Bf3 72. Kh3 Kg1 {Desperately trying to cut the king off from a1,
but that is not possible.} 73. Kg3 Bg2 74. Kh4 Kf2 75. Kg4 Bf1 76. Kf4 Be2 77.
Ke4 Ke1 78. Ke3 Bb5 79. Kf3 Kd2 80. Kf2 Be2 81. Kg1 Ke3 82. Kg2 Bb5 83. Kg1 Kf3
84. Kh2 Kf2 85. Kh1 Bc6+ 86. Kh2 Bb7 87. Kh3 Kg1 88. Kg3 Bg2 89. Kh4 Kf2 90.
Kg4 Ke3 91. Kg3 Bd5 92. Kg4 Kd4 93. Kf4 Be4 94. Kg3 Kc3 95. Kf4 Kd3 96. Kg3 Ke3
97. Kh3 Kf2 98. Kh2 Bc6 99. Kh3 Kg1 100. Kg3 Bg2 {A tough defence by GM
Lenderman! At the end, he convincingly won the event.} 1/2-1/2

[Event "Vidmar Memorial 20th"]
[Site "Bled"]
[Date "2016.06.27"]
[Round "4"]
[White "Beliavsky, Alexander G"]
[Black "Volokitin, Andrei"]
[Result "0-1"]
[WhiteElo "2603"]
[BlackElo "2624"]
[Annotator "Volokitin,A"]
[PlyCount "82"]
[EventDate "2016.06.24"]
[EventType "tourn"]
[EventRounds "9"]
[EventCountry "SLO"]
[EventCategory "15"]
[SourceTitle "CBM 174"]
[Source "ChessBase"]
[SourceDate "2016.09.13"]
[SourceVersion "1"]
[SourceVersionDate "2016.09.13"]
[SourceQuality "1"]

1. d4 Nf6 2. c4 g6 3. Nc3 d5 4. Bf4 Bg7 5. e3 c5 ({Die andere wichtige
Variante ist} 5... O-O 6. Rc1 Be6) 6. dxc5 Qa5 7. Rc1 dxc4 8. Bxc4 O-O 9. Nf3 (
{Meiner Meinung nach ist der Zug} 9. Nge2 {mehr prinzipiell.}) 9... Qxc5 10.
Bb3 Bg4 $1 {Eine gute strategische Idee. Schwarz löst zwei Probleme in dieser
Variante mit der Stellung der Dame und mit dem Läufer c8. Nach dem Abtausch
auf f3 wird Schwarz ein bequemes Endspiel bekommen.} 11. O-O ({Oder} 11. h3 Qh5
12. Bh2 $5 Bxf3 13. Qxf3 Qxf3 14. gxf3 Nc6 15. Ke2 {Der weiße König steht auf
jeden Fall besser im Zentrum. Aber ich glaube, dass Schwarz dieses Endspiel
ohne Probleme halten kann.}) 11... Qh5 12. Nd5 ({Nach} 12. h3 Bxf3 13. Qxf3
Qxf3 14. gxf3 Nc6 {steht der weiße König schlechter auf g1 und nach} 15. Rfd1
Rfd8 16. Ba4 Rxd1+ 17. Rxd1 Rd8 18. Rxd8+ Nxd8 19. Kf1 Ne6 {ist das Endspiel
völlig ausgeglichen und sogar wegen der Schwäche am Königsflügel hat Schwarz
die besseren Perspektiven.}) 12... Nc6 $1 {Jetzt folgt eine forcierte Variante.
} 13. Rxc6 $1 Nxd5 $1 14. Rc5 Bxf3 $1 15. gxf3 e6 16. Bxd5 Rad8 $1 {So war
meine Analyse im Jahre 2012. Die Stellung ist ausgeglichen.} 17. Qb3 ({Nach} 
17. e4 {kann die Partie schon Remis enden:} b6 18. Rb5 a6 19. Rxb6 exd5 20.
exd5 Rxd5 21. Qe2 Re5 $5 22. Bxe5 Bxe5 23. h4 $8 Bd4 24. Rxa6 Qxh4 25. Qe4 Qg3+
$11) ({Oder} 17. Kg2 b6 18. Rb5 Rxd5 19. Rxd5 Qxd5 20. Qxd5 exd5 21. b3 d4 $11)
17... b6 18. Rb5 Rxd5 19. Rxd5 Qxd5 20. Qxd5 exd5 21. b3 ({Ebendfalls möglich
war} 21. Rc1 Bxb2 22. Rc7 Ra8 23. Rb7 Bf6 {mit Remis.}) 21... d4 22. Rd1 {
Die erste Ungenauigkeit.} ({Einfacher war} 22. exd4 $1 Rd8 23. Rc1 Bxd4 24. Rc7
a5 25. Bh6 Bg7 26. Be3 Bd4 $11) 22... Rd8 $15 23. Rd3 {Gegen ...d3 gespielt.} (
{Nach} 23. exd4 Rxd4 24. Rxd4 Bxd4 {steht Schwarz besser, aber glaube ich
nicht, dass Schwarz gewinnen kann. Zum Beispiel} 25. Kf1 Kg7 26. Ke2 Kf6 27. h3
Kf5 28. Bd2 Bc5 29. Bc1 Bd6 30. Bd2 Bf4 31. Bc3 Kg5 32. Kf1 $15) (23. Kf1 $6 {
sieht sehr gefährlich aus:} d3 $1 24. e4 Bc3 $1 $36) 23... f5 $1 24. Kf1 Kf7
25. Ke2 Ke6 26. Rd1 ({Am besten war} 26. exd4 $1 Rxd4 27. Rxd4 Bxd4 28. h3 Kd5
29. Bh6 $15) 26... Rc8 $1 27. Kd2 $6 {Die zweite Ungenauigkeit.} ({Weiß muss
sowieso auf d4 nehmen und die Türme abtauschen:} 27. exd4 $1 Rc2+ (27... Kd5
28. Rc1 $1 Rxc1 29. Bxc1 Bxd4 30. h3 $15) 28. Rd2 $1 Rxd2+ 29. Bxd2 Bxd4 30. h3
$15) 27... Kd5 $5 28. Rg1 $2 {Ein ernster Fehler. Der Turm steht sehr schlecht
auf g1. Weiß hat in dieser Partie überhaupt nicht auf d4 genommen.} ({Besser
wäre} 28. exd4 $5 $15) ({oder} 28. h4 $1 Bf6 $140 29. Bg5 $132) 28... Bf8 $1 {
Es droht ...Bb4, ...d3, ...Rc2. Weiß hat eine sehr gefährliche Stellung und
muss den einzigen Zug finden.} 29. e4+ $2 {Der entscheidende Fehler.} ({
Die einzige Verteidigung war} 29. Rc1 $3 Rxc1 ({Nach} 29... Bb4+ $2 30. Kd3 $1
Rxc1 31. e4+ Ke6 32. Bxc1 $11) 30. Kxc1 {und jetzt nach} Bd6 31. Bxd6 Kxd6 32.
Kd2 {habe ich keinen Gewinn gefunden. Zum Beispiel} Ke5 33. Kd3 $1 dxe3 34.
fxe3 $1 g5 35. h3 $8 (35. Ke2 $4 f4 $1 36. e4 g4 $1 $19) 35... h5 36. Ke2 $8 g4
37. Kf2 $3 gxf3 38. Kxf3 h4 39. b4 b5 40. a3 a6 41. Kf2 $8 Ke4 42. Ke2 f4 43.
exf4 Kxf4 44. Kf2 $11) (29. h4 $2 Bb4+ 30. Kd1 d3 31. e4+ Ke6 32. Bd2 Bxd2 33.
Kxd2 Rc2+ 34. Kxd3 Rxf2 $17) 29... Ke6 $19 {Jetzt gibt es keine Verteidigung
gegen ...Bb4 und ...Rc3.} 30. Rd1 ({Sofort verliert} 30. Rc1 Rxc1 31. Kxc1 Bd6
$1 32. exf5+ (32. Bxd6 Kxd6 33. Kd2 Ke5 34. Kd3 g5 35. exf5 Kxf5 36. Kxd4 Kf4
$19) 32... gxf5 33. Bg3 f4 $1 34. Bh4 Be7 $19) 30... Bb4+ $1 31. Kd3 Rc3+ 32.
Kxd4 Rxf3 33. exf5+ gxf5 $1 {Weiß verliert Material und die Partie.} 34. Bb8 ({
Nach} 34. Be3 Bc5+ 35. Kd3 Rh3 $1 36. Ke2 Bxe3 37. fxe3 Rxh2+ 38. Kf3 Rxa2 $19
{gewinnt Schwarz zwei Bauern.}) 34... Rxf2 ({Genauer war} 34... a5 $1 35. Bc7
Bc5+ 36. Kc4 Rxf2 $19) 35. Kc4 ({Mehr praktische Chancen verspricht} 35. Bxa7
Bc5+ 36. Kd3 Rxa2 37. Bb8 Ra8 $19 {aber Schwarz sollte trotzdem allmählich
gewinnen.}) 35... a5 36. a4 f4 {Jetzt gewinnt Schwarz sehr leicht.} 37. Kb5 f3
({Oder} 37... Bc5 $19) 38. Bc7 (38. Kxb6 Rd2 $5 39. Rc1 Rb2 40. Bg3 Rxb3 $19)
38... Rb2 ({Genauer war} 38... Bc5 $1 39. Bxb6 Bxb6 40. Kxb6 Rb2 41. Kxa5 Rxb3
$19) 39. Bxb6 Rxb3 40. Bxa5 {Verzweiflung. Aber es gibt für Weiß keinen guten
Rat.} (40. Kc4 Rc3+ 41. Kb5 Kf5 42. Rd7 h5 $19) 40... Bxa5+ 41. Kxa5 f2 $1 0-1

[Event "Rilton Cup 28th"]
[Site "Stockholm"]
[Date "1998.12.30"]
[Round "3"]
[White "Yakovich, Yuri"]
[Black "McShane, Luke J"]
[Result "1-0"]
[WhiteElo "2560"]
[BlackElo "2470"]
[Annotator "Yakovich,Y"]
[PlyCount "79"]
[EventDate "1998.12.28"]
[EventType "swiss"]
[EventRounds "9"]
[EventCountry "SWE"]
[SourceTitle "CBM 068 Extra"]
[Source "ChessBase"]
[SourceDate "1999.03.01"]
[SourceVersion "1"]
[SourceVersionDate "1999.03.01"]
[SourceQuality "1"]

1. d4 d5 2. c4 c6 3. Nf3 Nf6 4. Qc2 g6 5. Bf4 Bg7 6. e3 O-O 7. Nc3 Be6 8. Qb3
dxc4 $5 $146 (8... Qb6) 9. Bxc4 (9. Qxb7 $2 Qb6 10. Qxb6 axb6 11. Ng5 b5 $1 12.
Nxe6 fxe6 $15) 9... Bxc4 10. Qxc4 Nd5 (10... Nbd7 $6 11. e4) 11. Be5 Na6 $6 {
This is not the best square for knight.} 12. O-O Nb6 13. Qb3 c5 14. Bxg7 Kxg7
15. Rfd1 $1 (15. d5 c4) 15... cxd4 (15... c4 16. Qb5 $1 Nc7 17. Qe5+ Kg8 18. e4
$16) 16. Nxd4 Qc7 (16... Qb8 17. Rac1 Rc8 18. Nd5 Nc5 $6 19. Nxb6 $1 (19. Qc3
$6 e5) 19... Nxb3 20. Rxc8 Qxc8 21. Nxc8 Nxd4 22. Nxe7 $18) 17. Ncb5 Qc4 18.
Qxc4 Nxc4 19. b3 Nb6 {[%csl Ra6,Rb6] Now the pair of white knights is much
stronger than their opponents.} (19... Ne5 20. Rac1 Nb4 21. Rc7 $1 (21. a3 $6
Nbc6) 21... a6 $8 22. Nc3 Rfc8 23. Rxb7 Rxc3 24. Rxb4 Nd3 25. Rb7 e5 26. Nf3 $5
(26. Ne2 Rc2 27. Ng3 Rd8) (26. Ne6+ Kf6 27. Nc7 Rd8 28. Nxa6 Nb4 $1) 26... Rc2
27. h3 $18) 20. Rac1 Kf6 21. a3 $1 {[%csl Ra6] (פa6)} Rfd8 22. b4 {[%csl Ra6]}
e5 23. Nb3 Nc4 $5 24. Kf1 $1 Rxd1+ 25. Rxd1 Ke7 (25... Ke6 $2 26. Nc5+ Nxc5 27.
Nc7+ $18) 26. Ke2 $1 $18 {(.) Black doesn't have useful moves.} f6 (26... Ke6
27. Nc5+) (26... Nb6 27. Na5) (26... Nb8 27. Nc7) (26... Rd8 27. Rxd8 Kxd8 28.
Kd3 Nb2+ 29. Kc2 Nc4 30. Kc3 Nb6 31. Nxa7 $18) 27. g4 $1 h6 28. h4 Ke6 $6 29.
Nc5+ Nxc5 30. Nc7+ Ke7 31. Nxa8 Ne6 32. a4 Nd6 33. b5 b6 34. a5 bxa5 35. b6
axb6 36. Nxb6 f5 37. gxf5 Nxf5 38. Rd5 Nfd4+ $138 39. Kf1 $138 (39. exd4 Nf4+
40. Ke3 Nxd5+ 41. Nxd5+ Kd6 42. Nb6 exd4+ 43. Kxd4 Ke6 44. Ke4 Kf6 45. Na4 Ke6
46. Nc5+ Kd6 47. Kd4 $18) 39... Nf3 40. Rxa5 $138 1-0